| 000 | 00445nam a2200145 a 4500 | ||
|---|---|---|---|
| 001 | 000028573 | ||
| 005 | 20240307073947.0 | ||
| 008 | 110411s1979 dr 000 0 spa d | ||
| 040 |
_aDO-SdBNP _bspa _cBNPHU |
||
| 245 | 0 | 0 | _aEn respuesta a un cuestionamiento informe del doctor Antonio Rosario /. |
| 260 |
_aSanto Domingo : _bUASD, _c1979. |
||
| 300 |
_a37 p. ; _c21 cm. |
||
| 049 | _aBNPD | ||
| 710 | 1 |
_aUniversidad Autónoma de Santo Domingo _972951 |
|
| 999 |
_c28065 _d28065 |
||